00990nam a2200253Ia 4500003000900000008004100009040001600050080001800066100002700084245018700111260003600298300001700334490005100351650004100402650002900443650002400472650002200496650003300518700003300551700003000584942000700614999001500621952010000636IN-BaIIA211028s9999 xx 000 0 eng d cIIA Library a084.4:52bWIN aWing, Robert F.913480 0aAtlas of high resolution IUE spectra of late-type stars 2500-3230 AngstromcRobert F. Wing, Kenneth G. Carpenter and Glenn M. Wahlgren  aOhiobPerkins Observatoryc1983 axxvii, 107p. aPerkins Observatory special publication; no. 1 aAstronomy and Astrophysics Thesaurus aAtlas-IUE spectra913481 aAtlas-Spectra91831 aAtlas-Stars91192 aLate type stars atlas913482 aCarpenter, Kenneth G.913483 aWahlgren, Glenn M.913484 cBK c7992d7992 00104070aBANbBANcGENd1984-11-12l0o084.4:52/ WINp8815r2021-11-05w1984-11-12yBK 5.00